Cities Over 1M Closest to Barcelona - Statistics

General Stats
  • This quiz has been taken 100 times
  • The average score is 11 of 20
Answer Stats
Km City % Correct
505 Madrid
97%
830 Paris
93%
859 Rome
89%
303 Valencia
87%
725 Milan
80%
830 Seville
79%
210 Marseille
77%
532 Lyon
70%
605 Turin
68%
443 Bordeaux
64%
253 Toulouse
60%
769 Malaga
49%
835 Zurich
48%
518 Algiers
42%
900 Porto
42%
858 Tunis
38%
988 Stuttgart
18%
677 Oran
14%
932 Tangier
13%
960 Sousse
3%
No matching quizzes found
Score Distribution
Percent of People with Each Score
Percentile by Number Answered
Your Score History
You have not taken this quiz